Neiespējamā saruna ar Dr. Augustu Bīlenšteinu pēc Latviešu etnogrāfiskās izstādes

Titel: Neiespējamā saruna ar Dr. Augustu Bīlenšteinu pēc Latviešu etnogrāfiskās izstādes
Verfasser:
In: Latvijas Zinātņu Akadēmija: Latvijas Zinātnu Akadēmijas vēstis. A daļa, Sociālās un humanitārās zinātnes, Band 50, Heft 6 (587) (1996), Seite 25-37, 1 Abb.
alle Artikel anzeigen
Veröffentlicht: 1996
Format: Aufsatz
Sprache: Lettisch
Kein Bild verfügbar
X
alg: 39289968
001A    $01999:11-11-16 
001B    $01999:27-04-21 $t20:52:13.000 
001C    $06050:19-11-16 $t09:35:56.000 
001D    $01999:11-11-16 
001U    $0utf8 
001X    $00 
002@    $0Aox 
003@    $039289968X 
007A    $039289968X $aHEB 
007T    $0Herde10320 
010@    $alav 
011@    $a1996 
021A    $aNeiespējamā saruna ar Dr. Augustu Bīlenšteinu pēc Latviešu etnogrāfiskās izstādes 
028A    $aIndāns $dJuris 
031A    $d50 $e6 (587) $h25-37, 1 Abb. $j1996 
037A    $aS. 37: engl. Res. An imaged interview with August Bielenstein, following the Latvian Ethnographic Exhibition of 1896 
039B    $aIn $8--Abvc--Latvijas Zinātņu Akadēmija [Tb1]. Latvijas Zinātnu Akadēmijas vēstis. A daļa, Sociālās un humanitārās zinātnes. - Rīgā, 1992-. - ISSN 0868-6556 $x199600000500006975 $9048608599 
045F    $a304.6094796 $eDDC23BSB 
045F/01 $a304.609 
045F/03 $g4796 
045T    $a24 $a7,44 

lok: 39289968 78

exp: 39289968 78 1 #EPN
201B/01 $003-02-26 $t22:14:55.000 
201U/01 $0utf8 
203@/01 $0789009943 
208@/01 $a11-11-16 $be 
209A/01 $a/ $f000 $x00 
220C/01 $aTitelaufnehmer: pk 
220C/01 $aHerkunft: Baltische Bibliographie / P. Kaegbein 
237A/01 $aweiterführende Signatur(en): 38: 2477 
244Z/01 $2Trx $#Latvija $#Lettland $#Łotwa $#Lotyšsko $8--Trx--Latvija $x01 $9391275879 
244Z/01 $aGeschichte 1896 $x02 
244Z/01 $#Bielenstein, August Johan Gottfried $#Bielenstein, August Johann Gottfried $#Bielenstein, Johannes Gottfried August $#Bīlenšteins, Augusts $#Bielenstein, August J. $#Bielenstein, A. $#Bielenstein, A. $#Bīlenšteins, Augusts $7118663089 $8--Tp1--Bielenstein, August$Z1826-1907 $x03 $9087003988 
244Z/01 $2Trx $#näitused, ajaloolised $#parodos, istorijos $#exhibitions, historical $#történelmi kiállitások $#wystawy historyczne $#výstavy, historické $#výstavy historické $8--Trx--Ausstellungen, historische $x04 $9391383426 
244Z/01 $2Trx $#etnograafia üldine $#etnografija bendras $#ethnography general $#néprajz általános $#etnografia ogólnie $#etnografia všeobecne $#etnografie všeobecně $#Ethnographie $#kultura ludowa $#národopis $#národopis $#kultura lidová $8--Trx--Volkskunde$gallgemein $x05 $9391362054 
244Z/01 $2Trx $8--Trx--Zeitschriftenaufsatz $x06 $9391384341 
245Z/01 $a08.01 $x01 
247C/01 $82080>Marburg/Lahn, Herder-Institut, Forschungsbibliothek, Bibliographieportal $9336309341
LEADER 00000caa a22000002c 4500
001 39289968X
003 DE-603
005 20210427205213.0
007 tu
008 161111s1996 xx |||| | u00||u|lav c
035 |a (DE-599)HEB39289968X 
040 |a DE-603  |b ger  |c DE-603  |d DE-603 
041 |a lav 
082 0 4 |8 1\u  |a 304.6094796  |q DE-101  |2 23/BSB 
084 |a 24  |a 7,44  |2 ssgn 
085 |8 1\u  |b 304.609 
085 |8 1\u  |z 2  |s 4796 
100 1 |a Indāns, Juris 
245 0 0 |a Neiespējamā saruna ar Dr. Augustu Bīlenšteinu pēc Latviešu etnogrāfiskās izstādes 
264 0 |c 1996 
500 |a S. 37: engl. Res. An imaged interview with August Bielenstein, following the Latvian Ethnographic Exhibition of 1896 
773 0 8 |i In  |a Latvijas Zinātņu Akadēmija  |t Latvijas Zinātnu Akadēmijas vēstis. A daļa, Sociālās un humanitārās zinātnes  |d Rīgā, 1992-  |x 0868-6556  |g Band 50, Heft 6 (587) (1996), Seite 25-37, 1 Abb.  |w (DE-603)048608599  |w (DE-600)1116654-X 
924 0 |9 2080  |a (DE-603)789009943  |b DE-2080  |c HES  |d d  |g /